[Event "HUN-chT2 Barcza 1718"]
[Site "Hungary"]
[Date "2018.01.28"]
[Round "7.7"]
[White "Gunyecz, Zoltan"]
[Black "Mizik, Zsolt"]
[Result "0-1"]
[WhiteElo "1964"]
[BlackElo "2010"]
[PlyCount "62"]
[EventDate "2017.09.24"]
[EventType "team-tourn"]
[EventRounds "11"]
[EventCountry "HUN"]
[SourceTitle "EXT 2021"]
[Source "ChessBase"]
[SourceDate "2020.10.23"]
[SourceVersion "1"]
[SourceVersionDate "2020.10.23"]
[SourceQuality "1"]
[WhiteTeam "Nyiregyhaza SISE"]
[BlackTeam "Tiszavasvar"]
[WhiteTeamCountry "HUN"]
[BlackTeamCountry "HUN"]

1. d4 Nf6 2. c4 e6 3. Nf3 d5 4. cxd5 exd5 5. Nc3 c6 6. Bg5 Bd6 7. Qc2 h6 8. Bh4 Qe7 9. e3 Bg4 10. Bd3 Nbd7 11. 0-0 g5 12. Bg3 Bxg3 13. hxg3 Bxf3 14. gxf3 h5 15. Bf5 0-0-0 16. b4 Kb8 17. Na4 g4 18. fxg4 Rdg8 19. gxh5 Nxh5 20. Kg2 Qg5 21. g4 Ndf6 22. f4 Qh4 23. Qf2 Rxg4+ 24. Kf3 Qh3+ 25. Ke2 Ng3+ 26. Kd3 Nxf5 27. Rh1 Qxh1 28. Rxh1 Rxh1 29. Nc5 Rh3 30. a4 Nxe3 31. Qe2 Rg2 0-1

[Event "HUN-chT2 Barcza 1617"]
[Site "Hungary"]
[Date "2016.12.11"]
[Round "6.6"]
[White "Mizik, Zsolt"]
[Black "Mate, Gyula"]
[Result "0-1"]
[WhiteElo "2008"]
[BlackElo "2074"]
[PlyCount "86"]
[EventDate "2016.09.25"]
[EventType "team-tourn"]
[EventRounds "11"]
[EventCountry "HUN"]
[SourceTitle "EXT 2021"]
[Source "ChessBase"]
[SourceDate "2020.10.23"]
[SourceVersion "1"]
[SourceVersionDate "2020.10.23"]
[SourceQuality "1"]
[WhiteTeam "Tiszavasvar"]
[BlackTeam "Bajnok Sakkiskola"]
[WhiteTeamCountry "HUN"]
[BlackTeamCountry "HUN"]

1. e4 e5 2. Nf3 Nc6 3. Bb5 f5 4. exf5 e4 5. Qe2 Qe7 6. Bxc6 dxc6 7. Nd4 Qe5 8. Nb3 Bxf5 9. d4 Qe6 10. h3 Nf6 11. Be3 0-0-0 12. N1d2 Bb4 13. c3 Be7 14. 0-0-0 Rhg8 15. Rhe1 g5 16. g4 Bg6 17. Bxg5 Nd5 18. Bxe7 Nf4 19. Qe3 Nd5 20. Qg5 Nxe7 21. Qa5 Kb8 22. Nc5 Qf7 23. Ncxe4 Nd5 24. f3 Nf4 25. Re3 Nd5 26. Ree1 Nf4 27. Re3 Nd5 28. Ree1 Qf4 29. Re2 Qh6 30. Rh1 Nf4 31. Reh2 Nd3+ 32. Kb1 Rd5 33. Qa4 Rf8 34. Rf1 Qe3 35. Qd1 Rb5 36. b3 Nf4 37. Re1 Qxc3 38. Qc2 Qxd4 39. h4 h6 40. h5 Bh7 41. Qc4 Qe5 42. Rhh1 Rc5 43. Qb4 Nd3 0-1

[Event "HUN-chT2 Barcza 1516"]
[Site "Hungary"]
[Date "2015.10.04"]
[Round "2.4"]
[White "Mizik, Zsolt"]
[Black "Toth, Tamas"]
[Result "1/2-1/2"]
[WhiteElo "2017"]
[BlackElo "1967"]
[PlyCount "70"]
[EventDate "2015.09.13"]
[EventType "team-tourn"]
[EventRounds "11"]
[EventCountry "HUN"]
[SourceTitle "CBM 170 Extra"]
[Source "ChessBase"]
[SourceDate "2016.02.25"]
[SourceVersion "1"]
[SourceVersionDate "2016.02.25"]
[SourceQuality "1"]
[WhiteTeam "Tiszavasvar"]
[BlackTeam "Hajduboszormeny"]
[WhiteTeamCountry "HUN"]
[BlackTeamCountry "HUN"]

1. e4 c5 2. Bc4 Nc6 3. Nc3 g6 4. d3 Bg7 5. Nge2 e6 6. 0-0 Nge7 7. Bg5 0-0 8. f4 f6 9. Bh4 d5 10. Bb3 Kh8 11. Bf2 d4 12. Nb1 e5 13. Nd2 Bg4 14. Bg3 Qd7 15. Qe1 Rae8 16. h3 Be6 17. Bxe6 Qxe6 18. a3 b5 19. b3 Nb8 20. fxe5 fxe5 21. Rxf8+ Rxf8 22. Nf3 Nbc6 23. Qd2 h6 24. a4 a6 25. axb5 axb5 26. Qd1 g5 27. Nh2 Ng6 28. Be1 Nce7 29. Ra5 Qc6 30. Qa1 c4 31. bxc4 bxc4 32. Ra6 Qc8 33. Qa2 cxd3 34. cxd3 Nf4 35. Nxf4 exf4 1/2-1/2

[Event "HUN-chT2 Barcza 1415"]
[Site "Hungary"]
[Date "2014.09.21"]
[Round "?"]
[White "Nagy, Kalman"]
[Black "Mizik, Zsolt"]
[Result "1-0"]
[WhiteElo "2020"]
[BlackElo "2044"]
[PlyCount "125"]
[EventDate "2014.09.07"]
[EventType "team-tourn"]
[EventRounds "11"]
[EventCountry "HUN"]
[SourceTitle "EXT 2016"]
[Source "ChessBase"]
[SourceDate "2015.10.08"]
[SourceVersion "1"]
[SourceVersionDate "2015.10.08"]
[SourceQuality "1"]
[WhiteTeam "Sajobabony"]
[BlackTeam "Tiszavasvar"]
[WhiteTeamCountry "HUN"]
[BlackTeamCountry "HUN"]

1. e4 e5 2. Nf3 Nc6 3. d4 exd4 4. Bc4 Bc5 5. c3 d3 6. 0-0 d6 7. Bg5 Nge7 8. Qxd3 h6 9. Be3 Bxe3 10. Qxe3 0-0 11. Nbd2 Ng6 12. Rad1 Qe7 13. Rfe1 Bd7 14. Bb3 Rae8 15. h3 Qf6 16. Nd4 Nce5 17. Nf1 Nf4 18. Ng3 Qg5 19. Nf3 Nxf3+ 20. Qxf3 h5 21. Kh2 Be6 22. Ne2 Bxb3 23. axb3 Nxe2 24. Rxe2 Re6 25. Rd5 Re5 26. Rxe5 Qxe5+ 27. Qg3 Qf6 28. e5 Qe6 29. Qf3 g6 30. Qxb7 dxe5 31. Qxc7 e4 32. b4 a6 33. Qf4 Re8 34. Re3 f5 35. g4 fxg4 36. hxg4 hxg4 37. Kg3 Rf8 38. Qxg4 Qd6+ 39. Kg2 Rf4 40. Qc8+ Kg7 41. Qb7+ Kh6 42. Rxe4 Rf5 43. Rh4+ Kg5 44. Rh3 Rf4 45. Rg3+ Kh6 46. Qa8 Kg7 47. b3 Rf8 48. Qa7+ Rf7 49. Qc5 Qf4 50. Qe3 Qd6 51. Qe4 Rf4 52. Qb7+ Rf7 53. Qe4 Rf4 54. Rd3 Qf6 55. Qb7+ Kg8 56. Qc8+ Kg7 57. Qc7+ Kh6 58. Rh3+ Kg5 59. Qc5+ Kg4 60. Rg3+ Kh4 61. Qe3 Kh5 62. Rh3+ Kg5 63. Rf3 1-0

[Event "HUN-chT2 Barcza 1213"]
[Site "Hungary"]
[Date "2012.12.02"]
[Round "5.1"]
[White "Mizik, Zsolt"]
[Black "Okhotnik, Vladimir"]
[Result "0-1"]
[WhiteElo "2088"]
[BlackElo "2426"]
[PlyCount "74"]
[EventDate "2012.09.16"]
[EventType "team-tourn"]
[EventRounds "11"]
[EventCountry "HUN"]
[SourceTitle "EXT 2014"]
[Source "ChessBase"]
[SourceDate "2013.11.20"]
[SourceVersion "1"]
[SourceVersionDate "2013.11.20"]
[SourceQuality "1"]
[WhiteTeam "Tiszavasvar"]
[BlackTeam "Kazincbarcika"]
[WhiteTeamCountry "HUN"]
[BlackTeamCountry "HUN"]

1. e4 c5 2. Nc3 a6 3. g3 b5 4. Bg2 Bb7 5. Nge2 e6 6. d3 b4 7. Nb1 d5 8. exd5 Bxd5 9. Nf4 Bxg2 10. Nxg2 Nc6 11. 0-0 Nf6 12. b3 Qd4 13. c3 bxc3 14. Qc2 Nb4 15. Qxc3 Nfd5 16. Qxd4 cxd4 17. Na3 Nxd3 18. Nc4 Bb4 19. Rd1 Bc3 20. Rb1 Nxc1 21. Rbxc1 Ke7 22. Nf4 Nxf4 23. gxf4 Rhd8 24. Rd3 Rac8 25. Kf1 Rc5 26. Ke2 Rh5 27. Rh1 Rh4 28. Kf3 Rd5 29. Kg3 Rh6 30. Ne5 f6 31. Nc4 g5 32. f3 gxf4+ 33. Kxf4 Rg5 34. h3 Rg2 35. a4 e5+ 36. Ke4 Ke6 37. f4 Rg4 0-1

[Event "HUN-chT2 Barcza 1213"]
[Site "Hungary"]
[Date "2012.11.04"]
[Round "3.4"]
[White "Ligart, Tamas"]
[Black "Mizik, Zsolt"]
[Result "1-0"]
[WhiteElo "2212"]
[BlackElo "2088"]
[PlyCount "37"]
[EventDate "2012.09.16"]
[EventType "team-tourn"]
[EventRounds "11"]
[EventCountry "HUN"]
[SourceTitle "EXT 2014"]
[Source "ChessBase"]
[SourceDate "2013.11.20"]
[SourceVersion "1"]
[SourceVersionDate "2013.11.20"]
[SourceQuality "1"]
[WhiteTeam "Edeleny"]
[BlackTeam "Tiszavasvar"]
[WhiteTeamCountry "HUN"]
[BlackTeamCountry "HUN"]

1. e4 e5 2. Nf3 Nc6 3. Nc3 Nf6 4. d4 exd4 5. Nxd4 Bb4 6. Nxc6 Bxc3+ 7. bxc3 bxc6 8. Bd3 h6 9. 0-0 0-0 10. e5 Nh7 11. Qh5 Qe7 12. Bd2 d5 13. Rae1 c5 14. Bxh6 gxh6 15. Qxh6 Ng5 16. Re3 f6 17. f4 c4 18. fxg5 cxd3 19. gxf6 1-0

[Event "HUN-chT2 Barcza 1112 "]
[Site "Hungary"]
[Date "2011.09.25"]
[Round "1"]
[White "Daroczy, Sandor"]
[Black "Mizik, Zsolt"]
[Result "0-1"]
[WhiteElo "1959"]
[BlackElo "2092"]
[PlyCount "82"]
[EventDate "2011.09.25"]
[EventType "team-tourn"]
[EventRounds "11"]
[EventCountry "HUN"]
[SourceTitle "EXT 2013"]
[Source "ChessBase"]
[SourceDate "2012.11.22"]
[SourceVersion "1"]
[SourceVersionDate "2012.11.22"]
[SourceQuality "1"]
[WhiteTeam "Balkany"]
[BlackTeam "Tiszavasvar"]
[WhiteTeamCountry "HUN"]
[BlackTeamCountry "HUN"]

1. e4 e5 2. Nf3 Nc6 3. Bb5 a6 4. Bxc6 dxc6 5. d4 exd4 6. Qxd4 Qxd4 7. Nxd4 c5 8. Nb3 Be6 9. Nc3 Bd6 10. Be3 b6 11. 0-0-0 Ne7 12. Kb1 0-0-0 13. f4 f6 14. Rhe1 Nc6 15. a3 Rhe8 16. Bc1 Bf7 17. Nd5 c4 18. Nd2 Bxd5 19. exd5 Rxe1 20. Rxe1 Na5 21. Nf3 Bc5 22. Bd2 Nb7 23. c3 Rxd5 24. Re8+ Rd8 25. Re2 Kd7 26. Be3 Re8 27. Rd2+ Bd6 28. Bf2 c5 29. g3 Kc6 30. Kc2 Bc7 31. Nh4 g6 32. Nf3 Nd6 33. Nh4 b5 34. g4 a5 35. f5 g5 36. Nf3 b4 37. h4 h6 38. cxb4 axb4 39. hxg5 hxg5 40. Rd1 Re4 41. Nh2 Re2+ 0-1

[Event "HUN-chT2 Barcza 0910"]
[Site "Hungary"]
[Date "2010.04.18"]
[Round "10.6"]
[White "Csorsz, Ferenc Jr"]
[Black "Mizik, Zsolt"]
[Result "0-1"]
[WhiteElo "1911"]
[BlackElo "2048"]
[PlyCount "62"]
[EventDate "2009.11.08"]
[EventType "team-tourn"]
[EventRounds "11"]
[EventCountry "HUN"]
[SourceTitle "EXT 2011"]
[Source "ChessBase"]
[SourceDate "2010.11.26"]
[SourceVersion "1"]
[SourceVersionDate "2010.11.26"]
[SourceQuality "1"]
[WhiteTeam "Nyiregyhaza"]
[BlackTeam "Tiszavasvar"]
[WhiteTeamCountry "HUN"]
[BlackTeamCountry "HUN"]

1. e4 e5 2. Nf3 Nc6 3. Bc4 Bc5 4. 0-0 d6 5. c3 Bg4 6. d4 exd4 7. Qb3 Na5 8. Qa4+ c6 9. Bxf7+ Kxf7 10. Ng5+ Ke8 11. b4 h6 12. Nf3 Bxf3 13. gxf3 b5 14. Qc2 Nc4 15. bxc5 dxc5 16. Rd1 Qf6 17. f4 Rd8 18. e5 Qe6 19. f3 Ne7 20. Qe4 Qf5 21. cxd4 Qxe4 22. fxe4 cxd4 23. Na3 Ng6 24. Nxc4 bxc4 25. Kf2 Rf8 26. Kg3 c3 27. Rd3 c5 28. Rb1 c4 29. Rf3 d3 30. Be3 c2 31. Rc1 c3 0-1

[Event "HUN-chT2 Barcza 0910"]
[Site "Hungary"]
[Date "2010.02.14"]
[Round "6.6"]
[White "Kalyinka, Roland"]
[Black "Mizik, Zsolt"]
[Result "1-0"]
[WhiteElo "2076"]
[BlackElo "2048"]
[PlyCount "59"]
[EventDate "2009.11.08"]
[EventType "team-tourn"]
[EventRounds "11"]
[EventCountry "HUN"]
[SourceTitle "EXT 2011"]
[Source "ChessBase"]
[SourceDate "2010.11.26"]
[SourceVersion "1"]
[SourceVersionDate "2010.11.26"]
[SourceQuality "1"]
[WhiteTeam "Edeleny"]
[BlackTeam "Tiszavasvar"]
[WhiteTeamCountry "HUN"]
[BlackTeamCountry "HUN"]

1. e4 e5 2. Nf3 Nc6 3. Nc3 Bc5 4. Nxe5 Bxf2+ 5. Kxf2 Nxe5 6. d4 Ng6 7. Be2 d6 8. Rf1 Qh4+ 9. Kg1 Bd7 10. g3 Qh3 11. Nd5 Rc8 12. e5 dxe5 13. dxe5 h5 14. Bf4 h4 15. e6 Qxe6 16. Nxc7+ Rxc7 17. Bxc7 Qe3+ 18. Rf2 hxg3 19. Bxg3 Nf6 20. Qd3 Qb6 21. Qb3 Qc5 22. Bf3 Nh4 23. Re1+ Kd8 24. Qxb7 Nxf3+ 25. Qxf3 Bc6 26. Qf4 Qb6 27. Qb8+ Qxb8 28. Bxb8 a6 29. Bg3 Bd5 30. Rd1 1-0